00929cam a2200301 a 45000010005000000030006000050050017000110080041000280100017000690200015000860200017001010400023001180420009001410500023001500820016001731000020001892450071002092600035002803000057003155050007003725200096003795210019004755210019004946500044005136500012005576500023005697000035005921805FISKH20250612094534.0971028s1998 nyua b 000 0 eng  a 97039190  a059045062X a078073003501 aDLCcDLCdDLCbeng alcac00aHQ767.9b.M39 199800a305.2312211 aMarzollo, Jean.10aHow kids grow /cby Jean Marzollo ; photographed by Nancy Sheehan. aNew York :bScholastic,c1998. a30 unnumbered pages :bcolor illustrations ;c21 cm. aG  aPhotographs show how children grow and change from tiny babies to six- and seven-year-olds.8 a420 bLexile 8 aG bRaz-Plus  0aChild developmentxJuvenile literature. 1aGrowth. 1aChild development.1 aSheehan, Nancy.dPhotographer